Countries with Direct Scheduled Flights to/from Australia - Statistics

General Stats
  • This quiz has been taken 873 times
  • The average score is 24 of 31
Answer Stats
Country/Territory % Correct
China
98%
United States
98%
Japan
97%
New Zealand
97%
India
95%
Indonesia
95%
Canada
93%
United Kingdom
93%
Singapore
92%
Malaysia
91%
Thailand
91%
United Arab Emirates
90%
South Korea
89%
Vietnam
89%
Fiji
87%
Chile
82%
Taiwan
82%
Papua New Guinea
81%
Philippines
81%
South Africa
80%
Qatar
76%
Samoa
76%
Vanuatu
74%
Solomon Islands
72%
Tonga
72%
Nauru
65%
East Timor
56%
Hong Kong
30%
Mauritius
26%
New Caledonia
21%
Cook Islands
15%
No matching quizzes found
Score Distribution
Percent of People with Each Score
Percentile by Number Answered
Your Score History
You have not taken this quiz